| 000 | 00332nam a2200133Ia 4500 | ||
|---|---|---|---|
| 005 | 20251222141929.0 | ||
| 008 | 251222s9999||||xx |||||||||||||| ||spa|| | ||
| 020 | _a958-692-448-3 | ||
| 082 | _a289.07/S32 | ||
| 100 | _aSebá López, Hernando | ||
| 245 | 0 | _aCurso de Doctrina Social de la Iglesia | |
| 264 | _bSan Pablo | ||
| 942 | _cLIB | ||
| 999 |
_c8979 _d8979 |
||